000 01185cam a2200337Ia 4500
008
020 _a0393321762 (pbk.)
049 _aMAIN
090 _aHD75.6
_bVIT
245 0 0 _aVital signs 2001 :
_bthe trends that are shaping our future /
_cJanet N. Abramovitz... [et al.]
260 _aNew York :
_bW.W. Norton,
_cc2001.
300 _a192 p. :
_bill. ;
_c24 cm.
500 _a"In cooperation with the United Nations Environment Programme."
504 _aIncludes bibliographical references.
650 0 _aEconomic development
_xEnvironmental aspects.
650 0 _aEnvironmental impact analysis.
650 0 _aNature
_xEffect of human beings on
_xForecasting.
650 0 _aConsumption (Economics)
_xForecasting.
650 0 _aSocial indicators.
650 0 _aEconomic indicators.
650 0 _aEnvironmental indicators.
650 0 _aEnvironmental monitoring.
700 1 _aAbramovitz, Janet N.
710 2 _aWorldwatch Institute.
710 2 _aUnited Nations Environment Programme.
907 _a.b10029965
_b26-07-13
_c17-04-03
003
005 20230123134444.0
040 _cNUST
942 _cBOOKS
_kHD75.6
_mVIT
999 _c166222
_d166222